Online
Catalog

El problema de la vida : (Record no. 35133)

MARC details
000 -CABECERA
campo de control de longitud fija 00773nam a2200193 a 4500
001 - NÚMERO DE CONTROL
campo de control 000035642
005 - FECHA Y HORA DE LA ÚLTIMA TRANSACCIÓN
campo de control 20200930074509.0
008 - DATOS DE LONGITUD FIJA--INFORMACIÓN GENERAL
campo de control de longitud fija 111107s1975 sp a 000 0 spa d
020 ## - NÚMERO INTERNACIONAL ESTÁNDAR DEL LIBRO
Número Internacional Estándar del Libro 8420622001
040 ## - FUENTE DE LA CATALOGACIÓN
Centro catalogador/agencia de origen DO-SdBNP
Lengua de catalogación spa
Centro/agencia transcriptor BNPHU
082 ## - NÚMERO DE LA CLASIFICACIÓN DECIMAL DEWEY
Número de clasificación xxx
Número de documento/Ítem S642p
100 1# - ENTRADA PRINCIPAL--NOMBRE DE PERSONA
Nombre de persona Smith, C. U. M.
Forma completa/desarrollada del nombre (Christopher Upham Murray)
9 (RLIN) 61558
240 13 - TÍTULO UNIFORME
Título uniforme The problem of life
Lenguaje de la obra español
245 13 - MENCIÓN DE TÍTULO
Título El problema de la vida :
Resto del título (Ensayo sobre los orígenes del pensamiento biológico) /
Mención de responsabilidad, etc. C. U. M. Smith ; versión española de Natividad Sánchez Sainz-Trápaga.
260 ## - PUBLICACIÓN, DISTRIBUCIÓN, ETC.
Lugar de publicación, distribución, etc. Madrid :
Nombre del editor, distribuidor, etc. Alianza Editorial,
Fecha de publicación, distribución, etc. 1975.
300 ## - DESCRIPCIÓN FÍSICA
Extensión 448 p. :
Otras características físicas il. ;
Dimensiones 20 cm.
590 ## - NOTA LOCAL (RLIN)
Nota local Perteneció a la biblioteca personal de Juan Isidro Jimenes Grullón
700 1# - PUNTO DE ACCESO ADICIONAL--NOMBRE DE PERSONA
Nombre de persona Sánchez Sainz-Trápaga, Natividad
9 (RLIN) 51556
Holdings
Estado de retiro Estado de pérdida Restricciones de uso No para préstamo Código de colección Localización permanente Ubicación/localización actual Ubicación en estantería Fecha de adquisición Número de inventario Total de préstamos Signatura topográfica completa Código de barras Fecha visto por última vez Precio válido a partir de Tipo de ítem Koha Nota pública
      Excluido de préstamo Monografías: Libros y Folletos General General En catalogación 07.11.2011 LF1   xxx S642p 35642-10 25.06.2020 25.06.2020 No se presta Perteneció a la biblioteca personal de Juan Isidro Jimenes- Grullón

Powered by Koha